000 01415cam a2200409 a 4500
999 _c385
_d385
001 2802320
003 CaAEU
005 20210615063139.0
008 s2004 njua 001 0 eng d
020 _a9780471417996 (hbk.)
020 _a0471417998 (acidfree paper)
020 _a9780555012345 (computer disc)
020 _a0555012344 (computer disc)
020 _a9780471215073 (study guide)
020 _a0471215074 (study guide)
035 _aon1155498998
040 _aAEU
_beng
_cALUPE UNIVERSITY
050 _aQD 253.2
_b.S65 2004
090 _aQD 253.2 S65 2004
_bAEC
090 _aQD 253.2 S65 2004
_bAEU
090 _aQD 253.2 S65 2004
_bAEGMCT
090 _aQD 253.2 S65 2004
_bACAL
100 1 _aSolomons, T. W. Graham.
245 1 0 _aOrganic chemistry /
_cT.W. Graham Solomons, Craig B. Fryhle.
250 _a8th ed.
260 _a[Hoboken, NJ] :
_bJohn Wiley & Sons,
_cc2004.
300 _axxxii, 1255, [53] p. :
_bill. (some col.) ;
_c27 cm. +
_e1 CD-ROM (4 3/4 in.)
336 _atext
_btxt
_2rdacontent
337 _aunmediated
_bn
_2rdamedia
338 _avolume
_bnc
_2rdacarrier
500 _aAccompanied by Study guide and solutions manual, 8th ed. (xxv, 621 p.) [study gd.]
500 _aIncludes index.
538 _aSystem requirements for accompanying CD-ROM: Windows and Macintosh.
650 0 _aChemistry, Organic.
700 1 _aFryhle, Craig B.
942 _2lcc
_cBK
_nSO